00000000nam##2200000za#4500
0019.519424
003CaOODSP
00520210615083016
007ta
008150406|1991||||xxc|||||     f|0| 0 eng|d
020 |a0-660-56505-6
022 |a0706-148X
040 |aCaOODSP|beng
041 |aeng
041 |afre
043 |an-cn---
0861 |aS52-2/206
1101 |aCanada.|bSecretary of State of Canada. |bTranslation Bureau.
24510|aAda language vocabulary / |cby Noël Lazure.
260 |aOttawa - Ontario : |bSecretary of State of Canada. |c1991.
300 |a217p. : |c22 cm.
4901 |aTerminology bulletin|x0706-148X|v206
504 |aBibliography.
5203 |aTerminology Bulletin 206. By Noël Lazure. This vocabulary contains about 2,000 entries, 500 of which are accompanied by definitions. A computer language developed for the USA Department of Defense, ADA was adopted in 1980 (standard, MIL-STD-1815). ADA has proved to be a very effective tool and has contributed significantly to software engineering technology. It is now being used by both the military and industry, and recourse to the language on a global scale is just a matter of time.
546 |aBilingual
563 |aSoftcover
590 |a91-49|b1991-12-06
69007|aComputers|2gcpds
69007|aTerminology|2gcpds
69007|aComputer programming|2gcpds
7201 |aLazure, Noël
7760#|tVocabulaire du langage Ada / |w(CaOODSP)9.590506
792 |tVocabulaire du langage Ada / |efre|w(CaOODSP)9.519425
830#0|aTerminology bulletin,|x0706-148X|v206|w(CaOODSP)9.509598